Statistics for Car Makes by Model

Click here to take the quiz!

General Stats

  • This quiz has been taken 41 times
  • The average score is 10 of 15

Answer Stats

ModelsMake% Correct
F Series, Focus, EscortFord
100%
Beetle, Tiguan, GolfVolkswagen
97%
i3, X5, M3BMW
77%
Elantra, Accent, SonataHyundai
77%
Cayenne, Boxster, CarreraPorsche
74%
Dart, Nitro, DurangoDodge
69%
Navigator, Continental, MKZLincoln
67%
PT, Cruiser, Pacifica, Town & CountryChrysler
64%
Huracan, Diablo, GallardoLamborghini
64%
Lancer, Mirage, OutlanderMitsubishi
62%
Vanquish, Vantage, DB11Aston Martin
51%
Aztec, Grand Prix, GTOPontiac
49%
Exige, Elise, EvoraLotus
36%
Silverado, Cruze, El CaminoChevrolet
33%
GranTurismo, Quattroporte, LevanteMaserati
33%

Score Distribution

Percentile by Number Answered

Percent of People with Each Score

Your Score History

You have not taken this quiz